Tablice Rejestracyjne Województwa Lubelskiego - Statystyki

Ogólne statystyki
  • Ten quiz został rozwiązany 178 razy
  • Średni wynik to 23 z 24
Statystyki odpowiedzi
Powiat Tablica Rejestracyjna % Poprawnych
Biała Podlaska LB
99%
Lublin LU
99%
bialski LBI
98%
chełmski LCH
98%
Chełm LC
97%
hrubieszowski LHR
97%
janowski LJA
97%
kraśnicki LKR
97%
puławski LPU
97%
opolski LOP
96%
Zamość LZ
96%
Zamojski LZA
96%
radzyński LRA
95%
rycki LRY
95%
świdnicki LSW
95%
lubelski LUB
95%
włodawski LWL
94%
parczewski LPA
93%
tomaszowski LTM
93%
łęczyński LLE
92%
biłgorajski LBL
91%
łukowski LLU
91%
krasnostawski LKS
90%
lubartowski LLB
82%
Nie znaleziono quizów pasujących do podanych kryteriów
Rozkład punktacji
Procent ludzi z każdym wynikiem
Percentyl według liczby udzielonych odpowiedzi
Twoja historia wyników
Nie rozwiązałeś tego quizu